000 01286nam2a22003011 4500
001 v19\rc\1914012
005 20251118180610.0
035 _a(NLR Aleph) 005001909
090 _a6395512
_c6395513
100 _a20080404d1911 u y0rusy50 ca
101 0 _arus
102 _aRU
105 _ay z |||||
200 0 _aТ. 2
210 _d1911
215 _a[3], 309 с.
461 0 _1001v19\rc\1914010
_12001#$aХуторские хозяйства Киевской губернии$eРезультаты обследования, произвед. в 1908-1909 гг.$eВ 2 т. Т. 1$fГУЗ и З. Киев. губ. землеустроит. комис.$vТ. 2
_96395493
_cКиев
_d1911
_fГУЗ и З. Киев. губ. землеустроит. комис.
_nПечатня С.П. Яковлева
_oРезультаты обследования, произвед. в 1908-1909 гг. : В 2 т. Т. 1
_tХуторские хозяйства Киевской губернии
_vТ. 2
801 0 _aRU
_bNLR
_gpsbo
801 0 _aRU
_bRuMoRGB
_2psbo
801 1 _aRU
_bProSoft-M
_2rusmarc
852 _aNLR
_j37.31.7.53
852 _aNLR
_j127/1567
899 _aRuMoRGB
_jU 54/390
899 _aБАН
899 _aНБ МГУ
899 _aRuMoRGB
_jU 306/105
942 _cBOOK
980 _aNB